Pattern Recognition/ (Record no. 591093)
[ view plain ]
| 000 -LEADER | |
|---|---|
| fixed length control field | 00833nam a22001577a 4500 |
| 003 - CONTROL NUMBER IDENTIFIER | |
| control field | NUST |
| 020 ## - INTERNATIONAL STANDARD BOOK NUMBER | |
| International Standard Book Number | 0-19-567685-8 |
| 082 ## - DEWEY DECIMAL CLASSIFICATION NUMBER | |
| Classification number | 006.4, SHI |
| 100 ## - MAIN ENTRY--PERSONAL NAME | |
| Personal name | Rajjan Shinghal |
| 9 (RLIN) | 97537 |
| 245 ## - TITLE STATEMENT | |
| Title | Pattern Recognition/ |
| Remainder of title | Techniques and Applications |
| Statement of responsibility, etc. | by Rajjan Shinghal |
| 250 ## - EDITION STATEMENT | |
| Edition statement | 1st Ed |
| 260 ## - PUBLICATION, DISTRIBUTION, ETC. | |
| Place of publication, distribution, etc. | India |
| Name of publisher, distributor, etc. | Oxford Uni Press |
| Date of publication, distribution, etc. | 2006 |
| 300 ## - PHYSICAL DESCRIPTION | |
| Extent | 303: pages |
| 505 ## - FORMATTED CONTENTS NOTE | |
| Formatted contents note | Learning to Recognize Patterns(Page-13), Decision Trees: Basics (Page-39), Decision Trees: Extensions (Page-71), Obtaining Prules by Evolution (Page-93), Bayes Classification (Page-109), Nearest Neighbor Classification (Page-127), Multilayer Neural Nets (Page-143),Linear Classification (Page-201), Cross Validation and Attribute Selection (Page-211), Clustering (Page-221),Syntatic Pattern Recognition (Page-241),Summing Up (Page-253).<br/> |
| 942 ## - ADDED ENTRY ELEMENTS (KOHA) | |
| Source of classification or shelving scheme | |
| Koha item type | Book |
| Withdrawn status | Lost status | Source of classification or shelving scheme | Damaged status | Not for loan | Permanent Location | Current Location | Shelving location | Date acquired | Full call number | Barcode | Date last seen | Price effective from | Koha item type | Public note |
|---|---|---|---|---|---|---|---|---|---|---|---|---|---|---|
| Military College of Signals (MCS) | Military College of Signals (MCS) | General Stacks | 08/17/2022 | 006.4, SHI | MCS38453 | 08/17/2022 | 08/17/2022 | Book | Almirah Fresh No.44, Shelf No.3 |
